000
00343nam a22001337a 4500
003
SGT
020
_a
9788193132944
082
_a
200
_b
K18D
100
_a
दास, अशोक
245
_a
करिश्माई कांशीराम
260
_b
दास पब्लिकेशंस
_c
2018
300
_a
137
942
_2
ddc
_c
BK
999
_c
31812
_d
31812